ASSESMENT OF NEUTRALITY AND SUSTAINABILITY OF KCAET CAMPUS (Record no. 17600)
[ view plain ]
| 000 -LEADER | |
|---|---|
| fixed length control field | 00438nam a22001337a 4500 |
| 003 - CONTROL NUMBER IDENTIFIER | |
| control field | OSt |
| 082 ## - DEWEY DECIMAL CLASSIFICATION NUMBER | |
| Classification number | 630 |
| 088 ## - REPORT NUMBER | |
| Report number | P548 |
| 100 ## - MAIN ENTRY--AUTHOR NAME | |
| Personal name | ANUSREE, K. DEEPAK , |
| -- | GAYATHRI MENON T |
| -- | GOPIKA, P. D |
| -- | SURAJ, KUMAR |
| 245 ## - TITLE STATEMENT | |
| Title | ASSESMENT OF NEUTRALITY AND SUSTAINABILITY OF KCAET CAMPUS |
| 260 ## - PUBLICATION, DISTRIBUTION, ETC. (IMPRINT) | |
| Place of publication | Thavanur |
| Year of publication | 2022 |
| 700 ## - ADDED ENTRY--PERSONAL NAME | |
| Personal name | Dr. Anu varghese (Guide) |
| 942 ## - ADDED ENTRY ELEMENTS (KOHA) | |
| Koha item type | Project Report |
| 260 ## - PUBLICATION, DISTRIBUTION, ETC. (IMPRINT) | |
| -- | Kelappaji College of Agricultural Engineering and Technology |
| Collection code | Home library | Current library | Shelving location | Full call number | Accession Number | Koha item type |
|---|---|---|---|---|---|---|
| Reference | KAUAET | KAUAET | Reference1 | 630 | P548 | Project Report |
